01603pab a2200145 454500008004000000100002700040245015300067260000900220300001500229362000800244520113000252650001501382650001501397773004501412180718b2015 xxu||||| |||| 00| 0 eng d aCaillier, James Gerard aTransformational leadership and whistle-blowing attitudes: is this relationship mediated by organizational commitment and public service motivation? c2015 ap.458-475. aJul aAlthough transformational leadership and whistle-blowing have been extensively examined, only one article was found to explore the relationship between these factors. This is despite research suggesting a connection between leadership practices and whistle-blowing attitudes. This article built on and extended leadership and whistle-blowing theories by investigating the relationship between transformational leadership and whistle-blowing attitudes, as well as how this association might be mediated by public service motivation (PSM) and organizational commitment. Furthermore, the examination was conducted on local, state, and federal government employees in the United States. The findings indicated that transformational leadership had a direct, positive impact on whistle-blowing attitudes, as well as an indirect one through organizational commitment. In addition, PSM had an indirect effect on whistle-blowing attitudes through organizational commitment. On the other hand, PSM was not found to mediate the relationship between transformational leadership and attitudes concerning blowing the whistle. - Reproduced. aMotivation aLeadership aAmerican Review of Public Administration